00714nam a2200241 a 4500001001300000003000900013005001700022008004100039020000900080082002200089100001300111245003900124260005700163300000900220500003500229505002400264650002700288700001300315902000800328942000700336952011400343999001500457nice12345678IN_TiNIC20260116012955.0050524s1975 newa grp 000 0 eng  ac4500a323.39710954bBAL aBaldev,  aIndia Pakistan and Muslim Politics aNew DelhibInternational Reporter Publicationsc1975 a178p aincludes index and biblioraphy2 aIndex, Bibliography aMuslims-India-Politics1 aBaldev,  bSRS cBK 00104070aHMIbHMId2007-04-09g45.00l2o323.39710954 BALp011213r2022-04-25s2020-09-18w2026-01-16yEB c9123d9123